Study skills for speakers of English as a second language / (Record no. 5940)

MARC details
000 -LEADER
fixed length control field 00766nam a22002292 4500
001 - CONTROL NUMBER
control field 0000002612
005 - DATE AND TIME OF LATEST TRANSACTION
control field 20151217151900.0
008 - FIXED-LENGTH DATA ELEMENTS--GENERAL INFORMATION
fixed length control field 070416s xx 000 0 eng d
020 ## - INTERNATIONAL STANDARD BOOK NUMBER
International Standard Book Number 1403900264 :
Terms of availability KES 900
040 ## - CATALOGING SOURCE
Original cataloging agency KABU
Transcribing agency KABU
050 #0 - LIBRARY OF CONGRESS CALL NUMBER
Classification number PE1128
Item number .A2L49
100 1# - MAIN ENTRY--PERSONAL NAME
Personal name Lewis, Marilyn.
-- 0000152036
245 10 - TITLE STATEMENT
Title Study skills for speakers of English as a second language /
Statement of responsibility, etc. Marilyn Lewis and Hayo Reinders.
260 ## - PUBLICATION, DISTRIBUTION, ETC. (IMPRINT)
Place of publication, distribution, etc. New York :
Name of publisher, distributor, etc. Palgrave Macmillan,
Date of publication, distribution, etc. 2003.
300 ## - PHYSICAL DESCRIPTION
Extent xiii, 220 p.
650 #0 - SUBJECT ADDED ENTRY--TOPICAL TERM
Topical term or geographic name as entry element English language
General subdivision study and teaching.
-- 0000152013
700 1# - ADDED ENTRY--PERSONAL NAME
Personal name Reinders, Hayo.
-- 0000152037
908 ## - PUT COMMAND PARAMETER (RLIN)
Put command parameter 070416
950 ## - LOCAL HOLDINGS (RLIN)
-- 1
Holdings
Withdrawn status Lost status Source of classification or shelving scheme Not for loan Home library Current library Date acquired Total Checkouts Full call number Barcode Date last seen Date last checked out Price effective from Koha item type
    Library of Congress Classification   Kabarak, Main Campus Kabarak, Main Campus 17/12/2015 1 PE1128 .A2L49 007962 25/10/2019 14/10/2019 17/12/2015 General Collection
    Library of Congress Classification   Kabarak, Main Campus Kabarak, Main Campus 17/12/2015 2 PE1128 .A2L49 007963 02/10/2024 25/09/2024 17/12/2015 General Collection
Designed with assistance from East African Informatics Ltd